Servant Leadership Made Simple: (Record no. 11532)
[ view plain ]
| 000 -LEADER | |
|---|---|
| fixed length control field | 01269nam a22001577a 4500 |
| 020 ## - INTERNATIONAL STANDARD BOOK NUMBER | |
| ISBN | 9798289342904 |
| 082 ## - DEWEY DECIMAL CLASSIFICATION NUMBER | |
| Classification number | 658.409GEM |
| 100 ## - MAIN ENTRY--AUTHOR NAME | |
| Personal name | Gemberling, Dean. |
| 245 ## - TITLE STATEMENT | |
| Title | Servant Leadership Made Simple: |
| Sub Title | 7 Essential Steps to Build Trust, Inspire Loyalty, Strengthen Relationships, and Lead with Lasting Impact |
| 260 ## - PUBLICATION, DISTRIBUTION, ETC. (IMPRINT) | |
| Place of publication | Independently published |
| Name of publisher | Independently published |
| Year of publication | 2025 |
| 300 ## - PHYSICAL DESCRIPTION | |
| Number of Pages | 143p. |
| 520 ## - SUMMARY, ETC. | |
| Summary, etc | Servant Leadership Made Simple by Elijah T. Grant presents a practical guide to developing leadership by putting the needs and growth of others first. The book explains how leaders can build trust, strengthen relationships, inspire loyalty, and create high-performing teams through humility, empathy, active listening, ethical decision-making, and service. Rather than relying on authority or position, it encourages readers to lead by example, empower others, foster collaboration, and cultivate a positive organizational culture. Through clear, actionable steps and real-world applications, the book demonstrates that servant leadership is an effective approach for achieving sustainable organizational success while promoting the personal and professional development of employees |
| 650 ## - SUBJECT ADDED ENTRY--TOPICAL TERM | |
| Topical Term | Leadership |
| 942 ## - ADDED ENTRY ELEMENTS (KOHA) | |
| Koha item type | Book |
| Withdrawn status | Lost status | Damaged status | Not for loan | Permanent Location | Current Location | Shelving location | Date acquired | Cost, normal purchase price | Full call number | Accession Number | Price effective from | Koha item type |
|---|---|---|---|---|---|---|---|---|---|---|---|---|
| UONGOZI Institute Resources Centre - Dar es Salaam | UONGOZI Institute Resources Centre - Dar es Salaam | Leadership | 06/19/2026 | 63328.00 | 658.409GEM | UR010576 | 06/29/2026 | Book | ||||
| UONGOZI Institute Resources Centre - Dar es Salaam | UONGOZI Institute Resources Centre - Dar es Salaam | Leadership | 06/19/2026 | 63328.00 | 658.409GEM | UR010575 | 06/29/2026 | Book | ||||
| UONGOZI Institute Resources Centre - Dodoma | UONGOZI Institute Resources Centre - Dodoma | Leadership | 06/19/2026 | 658.409GEM | URD002922 | 06/19/2026 | Book | |||||
| UONGOZI Institute Resources Centre - Dodoma | UONGOZI Institute Resources Centre - Dodoma | Leadership | 06/19/2026 | 658.409GEM | URD002921 | 06/19/2026 | Book |
